000 00249nam a2200109 a 4500
008 110426s1977|||| d
245 1 0 _aRuština pre dospelých
020 _c30
044 _axo
_cSK
041 _aslo
260 _c1977
_bSPN
_aBratislava
999 _c19175
_d19175